[Event "Oberliga Ost-B 1112"]
[Site "Germany"]
[Date "2012.01.15"]
[Round "7.1"]
[White "Vigus, James"]
[Black "Luther, Thomas"]
[Result "0-1"]
[WhiteElo "2323"]
[BlackElo "2515"]
[PlyCount "22"]
[EventDate "2011.10.02"]
[EventType "team-tourn"]
[EventRounds "11"]
[EventCountry "GER"]
[SourceTitle "EXT 2013"]
[Source "ChessBase"]
[SourceDate "2012.11.22"]
[SourceVersion "1"]
[SourceVersionDate "2012.11.22"]
[SourceQuality "1"]
[WhiteTeam "Jena Schott"]
[BlackTeam "Erfurt Empor"]
[WhiteTeamCountry "GER"]
[BlackTeamCountry "GER"]

1. Nf3 d5 2. d4 e6 3. c4 Nf6 4. g3 dxc4 5. Bg2 a6 6. Nc3 b5 7. Ne5 c6 8. a4 Bb7 9. axb5 axb5 10. Rxa8 Bxa8 11. Nxb5 cxb5 0-1

[Event "Oberliga Ost-A 1011"]
[Site "Germany"]
[Date "2010.11.13"]
[Round "2.1"]
[White "Vigus, James"]
[Black "Liebert, Heinz"]
[Result "1/2-1/2"]
[WhiteElo "2309"]
[BlackElo "2256"]
[PlyCount "93"]
[EventDate "2010.10.24"]
[EventType "team-tourn"]
[EventRounds "11"]
[EventCountry "GER"]
[SourceTitle "EXT 2012"]
[Source "ChessBase"]
[SourceDate "2011.11.24"]
[SourceVersion "1"]
[SourceVersionDate "2011.11.24"]
[SourceQuality "1"]
[WhiteTeam "Jena Schott"]
[BlackTeam "Halle USV II"]
[WhiteTeamCountry "GER"]
[BlackTeamCountry "GER"]

1. Nf3 Nf6 2. c4 c5 3. g3 b6 4. Bg2 Bb7 5. 0-0 g6 6. Nc3 Bg7 7. Re1 Nc6 8. e4 e5 9. a3 0-0 10. Rb1 a5 11. d3 d6 12. Bd2 h6 13. h3 Ne8 14. Nd5 Ne7 15. b4 Nxd5 16. cxd5 axb4 17. axb4 Bc8 18. Qb3 Bd7 19. Bc3 Qc8 20. Kh2 Nc7 21. Nd2 Nb5 22. Nc4 Qc7 23. Bb2 Ra6 24. Ra1 Rfa8 25. Rxa6 Rxa6 26. Bf1 Nd4 27. Bxd4 cxd4 28. b5 Ra8 29. Rb1 Bf8 30. h4 Be8 31. Bh3 h5 32. Qb2 Qc5 33. f4 exf4 34. gxf4 Be7 35. Kg3 Qc7 36. Qxd4 Qd8 37. Kf3 Bxh4 38. Qxb6 Qxb6 39. Nxb6 Rb8 40. Nc8 Rxb5 41. Rxb5 Bxb5 42. d4 Ba6 43. Nxd6 Kf8 44. e5 Be7 45. Ne4 Bb7 46. d6 Bxd6 47. Ke3 1/2-1/2

[Event "Oberliga Ost-A 0910"]
[Site "Germany"]
[Date "2010.01.24"]
[Round "7.1"]
[White "Vigus, James"]
[Black "Lechtynsky, Jiri"]
[Result "0-1"]
[WhiteElo "2320"]
[BlackElo "2399"]
[PlyCount "70"]
[EventDate "2009.10.18"]
[EventType "team-tourn"]
[EventRounds "11"]
[EventCountry "GER"]
[SourceTitle "EXT 2011"]
[Source "ChessBase"]
[SourceDate "2010.11.26"]
[SourceVersion "1"]
[SourceVersionDate "2010.11.26"]
[SourceQuality "1"]
[WhiteTeam "Jena Schott"]
[BlackTeam "Hoyerswerda"]
[WhiteTeamCountry "GER"]
[BlackTeamCountry "GER"]

1. Nf3 Nf6 2. c4 g6 3. Nc3 Bg7 4. g3 0-0 5. Bg2 c6 6. e4 d5 7. cxd5 cxd5 8. e5 Ne4 9. d4 Nc6 10. 0-0 Nxc3 11. bxc3 Na5 12. Nh4 Nc4 13. f4 e6 14. Qe1 Bd7 15. g4 Re8 16. Qg3 Bb5 17. Rf2 Rc8 18. Rb1 Qa5 19. f5 exf5 20. gxf5 Nxe5 21. f6 Nd3 22. Bxd5 Re1+ 23. Kg2 Nxc1 24. Nf3 Bf1+ 25. Rxf1 Re2+ 26. Kg1 Qxd5 27. fxg7 Nxa2 28. Ng5 f5 29. Nh3 Nxc3 30. Rb4 Ne4 31. Nf4 Nxg3 32. Nxd5 Rcc2 33. hxg3 Rg2+ 34. Kh1 Rh2+ 35. Kg1 Rcg2# 0-1

[Event "Oberliga Ost-A 0910"]
[Site "Germany"]
[Date "2010.01.23"]
[Round "6.1"]
[White "Feige, Manuel"]
[Black "Vigus, James"]
[Result "1-0"]
[WhiteElo "2417"]
[BlackElo "2320"]
[PlyCount "79"]
[EventDate "2009.10.18"]
[EventType "team-tourn"]
[EventRounds "11"]
[EventCountry "GER"]
[SourceTitle "EXT 2011"]
[Source "ChessBase"]
[SourceDate "2010.11.26"]
[SourceVersion "1"]
[SourceVersionDate "2010.11.26"]
[SourceQuality "1"]
[WhiteTeam "Chemnitz"]
[BlackTeam "Jena Schott"]
[WhiteTeamCountry "GER"]
[BlackTeamCountry "GER"]

1. d4 d5 2. c4 Nf6 3. cxd5 Nxd5 4. Nf3 Bf5 5. Nc3 e6 6. e3 Bb4 7. Bd2 0-0 8. Bc4 c5 9. a3 Ba5 10. Rc1 cxd4 11. Nxd4 Bxc3 12. Bxc3 Bg6 13. 0-0 Nxc3 14. Rxc3 Qe7 15. Qf3 Rd8 16. Rfc1 e5 17. Nf5 Qf6 18. Qxb7 Nd7 19. e4 Bxf5 20. exf5 Nb6 21. Bb3 Rd7 22. Qf3 Rad8 23. h3 Rd2 24. Rc6 Qg5 25. Rc7 Nd7 26. Rd1 e4 27. Qxe4 Nc5 28. Rxc5 Rxd1+ 29. Bxd1 Rxd1+ 30. Kh2 h6 31. Rc8+ Rd8 32. Rxd8+ Qxd8 33. b4 Qc7+ 34. g3 Qd7 35. f6 Qa4 36. Qa8+ Kh7 37. Qf8 gxf6 38. Qxf7+ Kh8 39. Qxf6+ Kh7 40. Qf7+ 1-0

[Event "Smith & Williamson YM-A 11th"]
[Site "Witley"]
[Date "2001.07.21"]
[Round "9"]
[White "Vigus, James"]
[Black "Bromann, Thorbjorn"]
[Result "1/2-1/2"]
[WhiteElo "2281"]
[BlackElo "2321"]
[PlyCount "102"]
[EventDate "2001.07.13"]
[EventType "swiss"]
[EventRounds "9"]
[EventCountry "ENG"]
[SourceTitle "CBM 083 Extra"]
[Source "ChessBase"]
[SourceDate "2001.09.11"]
[SourceVersion "1"]
[SourceVersionDate "2001.09.11"]
[SourceQuality "1"]

1. d4 d5 2. c4 Nc6 3. Nc3 dxc4 4. Nf3 Nf6 5. e4 Bg4 6. Be3 e6 7. Bxc4 Bb4 8. Qc2 0-0 9. Rd1 Qe7 10. Be2 e5 11. d5 Nd4 12. Nxd4 exd4 13. Rxd4 Bxe2 14. Kxe2 Bc5 15. Rd2 Bxe3 16. Kxe3 Ng4+ 17. Ke2 Qg5 18. Kd1 f5 19. exf5 Rxf5 20. Ne4 Qf4 21. h3 Nf6 22. Nxf6+ Rxf6 23. Re1 Qd6 24. g3 Rd8 25. f4 Rf7 26. Re6 Qb4 27. Re5 Qb6 28. Qe4 Qg1+ 29. Qe1 Qxe1+ 30. Kxe1 Rfd7 31. Rc2 Rxd5 32. Rxd5 Rxd5 33. Rxc7 Ra5 34. Rxb7 Rxa2 35. Ke2 a5 36. Kf3 a4 37. f5 a3 38. bxa3 Rxa3+ 39. Kg4 Ra4+ 40. Kg5 Ra3 41. Kh4 Rc3 42. g4 Rf3 43. Rb8+ Kf7 44. Rh8 h6 45. Ra8 g5+ 46. fxg6+ Kxg6 47. Ra6+ Kg7 48. Ra1 Kg6 49. Rg1 Ra3 50. Rg3 Rxg3 51. Kxg3 h5 1/2-1/2

[Event "Smith & Williamson YM-A 11th"]
[Site "Witley"]
[Date "2001.07.20"]
[Round "8"]
[White "Palliser, Richard"]
[Black "Vigus, James"]
[Result "0-1"]
[WhiteElo "2337"]
[BlackElo "2281"]
[PlyCount "58"]
[EventDate "2001.07.13"]
[EventType "swiss"]
[EventRounds "9"]
[EventCountry "ENG"]
[SourceTitle "CBM 083 Extra"]
[Source "ChessBase"]
[SourceDate "2001.09.11"]
[SourceVersion "1"]
[SourceVersionDate "2001.09.11"]
[SourceQuality "1"]

1. e4 c5 2. Nf3 Nc6 3. d4 cxd4 4. Nxd4 Nf6 5. Nc3 d6 6. Bg5 e6 7. Qd2 a6 8. 0-0-0 Bd7 9. f4 h6 10. Bh4 g5 11. fxg5 Nh7 12. Bg3 hxg5 13. Be2 Be7 14. Rhf1 Nf8 15. Nxc6 Bxc6 16. Qd4 Rh7 17. e5 dxe5 18. Qxe5 Nd7 19. Rxd7 Bxd7 20. Bd3 f5 21. Bxf5 exf5 22. Nd5 Kf8 23. Nc7 Rc8 24. Ne6+ Bxe6 25. Qxe6 f4 26. Bxf4 gxf4 27. Rxf4+ Kg7 28. Rf7+ Kh8 29. Qe5+ Kg8 0-1

[Event "Smith & Williamson YM-A 11th"]
[Site "Witley"]
[Date "2001.07.19"]
[Round "7"]
[White "Vigus, James"]
[Black "Gladyszev, Oleg"]
[Result "0-1"]
[WhiteElo "2281"]
[BlackElo "2352"]
[PlyCount "71"]
[EventDate "2001.07.13"]
[EventType "swiss"]
[EventRounds "9"]
[EventCountry "ENG"]
[SourceTitle "CBM 083 Extra"]
[Source "ChessBase"]
[SourceDate "2001.09.11"]
[SourceVersion "1"]
[SourceVersionDate "2001.09.11"]
[SourceQuality "1"]

1. Nf3 Nf6 2. c4 g6 3. Nc3 Bg7 4. g3 0-0 5. Bg2 d6 6. d4 Nbd7 7. 0-0 e5 8. e4 c6 9. b3 exd4 10. Nxd4 Re8 11. h3 a6 12. Bb2 Rb8 13. Qc2 c5 14. Nde2 b5 15. cxb5 axb5 16. Nf4 Ne5 17. Ncd5 Nc6 18. Nxf6+ Bxf6 19. Nd5 Bxb2 20. Qxb2 Nd4 21. b4 Bb7 22. Nc3 Qf6 23. Rab1 Ba8 24. f4 cxb4 25. Qxb4 Nc2 26. Qb3 Ne3 27. e5 dxe5 28. fxe5 Qe6 29. Qxe6 fxe6 30. Bxa8 Nxf1 31. Ne4 Nd2 32. Nf6+ Kf7 33. Rd1 Red8 34. Bg2 Kg7 35. Rc1 Nc4 36. Ne4 0-1

[Event "Smith & Williamson YM-A 11th"]
[Site "Witley"]
[Date "2001.07.16"]
[Round "4"]
[White "Mah, Karl"]
[Black "Vigus, James"]
[Result "0-1"]
[WhiteElo "2404"]
[BlackElo "2281"]
[PlyCount "222"]
[EventDate "2001.07.13"]
[EventType "swiss"]
[EventRounds "9"]
[EventCountry "ENG"]
[SourceTitle "CBM 083 Extra"]
[Source "ChessBase"]
[SourceDate "2001.09.11"]
[SourceVersion "1"]
[SourceVersionDate "2001.09.11"]
[SourceQuality "1"]

1. e4 e5 2. Nf3 Nc6 3. d4 exd4 4. Bc4 Nf6 5. e5 Ne4 6. Qe2 Nc5 7. c3 d3 8. Qe3 Be7 9. b4 Ne6 10. b5 Bc5 11. Qe4 Ne7 12. Bxd3 d5 13. Qh4 a6 14. 0-0 axb5 15. Nbd2 c6 16. Nb3 Ra4 17. Nfd4 Bb6 18. Be3 Nxd4 19. Bxd4 Bf5 20. Be2 b4 21. Nc5 Bxc5 22. Bxc5 b6 23. Bxb4 Qd7 24. Qg3 0-0 25. Bxe7 Qxe7 26. Bd1 Ra7 27. Bb3 Rd8 28. Rad1 Rad7 29. Rd2 h6 30. Rfd1 Qg5 31. f4 Qxg3 32. hxg3 Bg4 33. Rb1 Bf5 34. Bc2 Bxc2 35. Rxc2 b5 36. Kf2 Ra7 37. Ke3 Ra4 38. Rb4 Rda8 39. Rxa4 Rxa4 40. Rb2 Rc4 41. Rb3 Ra4 42. Rb2 Kf8 43. Kd3 Ke7 44. Rf2 Kd7 45. Rb2 Ke6 46. Re2 h5 47. Rb2 Kf5 48. Rf2 g6 49. Re2 Rc4 50. Re1 Ra4 51. Re2 Ke6 52. Rf2 Re4 53. g4 hxg4 54. g3 Ra4 55. Rh2 c5 56. Rb2 b4 57. cxb4 Ra3+ 58. Ke2 Rxg3 59. Rb1 cxb4 60. Rxb4 Rg2+ 61. Ke3 Rxa2 62. Rb6+ Ke7 63. Rb7+ Kf8 64. Rd7 Ra3+ 65. Ke2 Rf3 66. Rxd5 Rxf4 67. Ke3 Rf5 68. Ke4 Kg7 69. Rd1 Kh6 70. Rh1+ Kg5 71. Rg1 Kh4 72. Rh1+ Kg3 73. Rh6 Rf1 74. Ke3 Re1+ 75. Kd4 Kg2 76. Rh7 Rf1 77. Rg7 g3 78. e6 fxe6 79. Rxg6 Kh2 80. Rxe6 g2 81. Rh6+ Kg1 82. Ke3 Re1+ 83. Kd2 Re5 84. Kd3 Kf2 85. Rf6+ Kg3 86. Rg6+ Kf3 87. Rg8 Re1 88. Rf8+ Kg3 89. Rg8+ Kf2 90. Rf8+ Kg1 91. Kd4 Re2 92. Kd3 Re1 93. Kd4 Rf1 94. Ra8 Kf2 95. Rf8+ Ke2 96. Re8+ Kd2 97. Rg8 g1Q+ 98. Rxg1 Rxg1 99. Ke4 Rg3 100. Kf4 Re3 101. Kf5 Kd3 102. Kf4 Kd4 103. Kf5 Re4 104. Kf6 Re5 105. Kg6 Kd5 106. Kf6 Kd6 107. Kg6 Ke7 108. Kg7 Rf5 109. Kg6 Ke6 110. Kg7 Rf6 111. Kh7 Kf7 0-1

[Event "BCF-ch 87th"]
[Site "Millfield"]
[Date "2000.08.07"]
[Round "7"]
[White "Broomfield, Matthew"]
[Black "Vigus, James"]
[Result "1-0"]
[WhiteElo "2192"]
[BlackElo "2266"]
[PlyCount "67"]
[EventDate "2000.07.31"]
[EventType "swiss"]
[EventRounds "11"]
[EventCountry "ENG"]
[SourceTitle "CBM 077 Extra"]
[Source "ChessBase"]
[SourceDate "2000.09.14"]
[SourceVersion "1"]
[SourceVersionDate "2000.09.14"]
[SourceQuality "1"]

1. d4 d6 2. Nc3 g6 3. g3 Bg7 4. Bg2 Nf6 5. e4 0-0 6. Nge2 e5 7. 0-0 Nc6 8. d5 Ne7 9. h3 Ne8 10. Be3 f5 11. Qd2 Nf6 12. exf5 Nxf5 13. Kh2 Bd7 14. Rfd1 Rf7 15. a4 Nxe3 16. Qxe3 Qf8 17. Rf1 a6 18. Ng1 Re8 19. Rae1 h5 20. Nf3 Bh6 21. Qe2 e4 22. Nd4 Re5 23. Nxe4 Rfe7 24. Qd3 Nxe4 25. Bxe4 Bf5 26. f3 Bxe4 27. fxe4 Qe8 28. Ne6 Qxa4 29. Rf6 Kh7 30. Qf3 Qxc2+ 31. Re2 Qd1 32. Rf7+ Rxf7 33. Qxf7+ Kh8 34. Rf2 1-0

[Event "BCF-ch 87th"]
[Site "Millfield"]
[Date "2000.08.03"]
[Round "4"]
[White "Vigus, James"]
[Black "Wells, Peter K"]
[Result "1/2-1/2"]
[WhiteElo "2266"]
[BlackElo "2506"]
[PlyCount "95"]
[EventDate "2000.07.31"]
[EventType "swiss"]
[EventRounds "11"]
[EventCountry "ENG"]
[SourceTitle "CBM 077 Extra"]
[Source "ChessBase"]
[SourceDate "2000.09.14"]
[SourceVersion "1"]
[SourceVersionDate "2000.09.14"]
[SourceQuality "1"]

1. d4 Nf6 2. c4 e6 3. g3 d5 4. Bg2 Bb4+ 5. Bd2 Be7 6. Bc3 0-0 7. Nd2 c5 8. Ngf3 cxd4 9. Bxd4 Nc6 10. cxd5 Nxd4 11. Nxd4 Qb6 12. e3 exd5 13. Qb3 Qa5 14. Qd3 Bd7 15. 0-0 Rfc8 16. a3 Qb6 17. Qb1 a5 18. Qa2 Rc5 19. Rac1 Rac8 20. Rxc5 Rxc5 21. Rd1 g6 22. Qb3 Qc7 23. Qd3 Ba4 24. Rf1 Qb6 25. Rb1 Qc7 26. Rf1 Bd7 27. N2b3 Rc4 28. Nd2 Rc5 29. N2b3 Rc4 30. Nd2 Rc1 31. Ne2 Rc2 32. Nc3 Rxb2 33. Nxd5 Nxd5 34. Qxd5 Bc6 35. Qd4 Bxg2 36. Qxb2 Bxf1 37. Kxf1 Qc6 38. Qe5 Bxa3 39. Ne4 Qc1+ 40. Kg2 Bb2 41. Nf6+ Kg7 42. Nh5+ Kf8 43. Qd6+ Ke8 44. Qb8+ Kd7 45. Qxb7+ Kd6 46. Qb8+ Kd7 47. Qb7+ Kd6 48. Qb8+ 1/2-1/2

[Event "Smith & Williamson YM 10th"]
[Site "Witley"]
[Date "2000.07.22"]
[Round "9"]
[White "Bates, Richard"]
[Black "Vigus, James"]
[Result "1/2-1/2"]
[WhiteElo "2357"]
[BlackElo "2266"]
[PlyCount "26"]
[EventDate "2000.07.14"]
[EventType "swiss"]
[EventRounds "9"]
[EventCountry "ENG"]
[SourceTitle "CBM 077 Extra"]
[Source "ChessBase"]
[SourceDate "2000.09.14"]
[SourceVersion "1"]
[SourceVersionDate "2000.09.14"]
[SourceQuality "1"]

1. d4 d5 2. Nf3 Nf6 3. g3 c6 4. Bg2 Bf5 5. 0-0 e6 6. c4 Nbd7 7. b3 Bd6 8. Bb2 Qb8 9. Nc3 0-0 10. Nh4 Bg6 11. Nxg6 hxg6 12. e3 b5 13. Rb1 Qb7 1/2-1/2

[Event "Smith & Williamson YM 10th"]
[Site "Witley"]
[Date "2000.07.16"]
[Round "3"]
[White "Vigus, James"]
[Black "Hansen, Torbjorn Ringdal"]
[Result "1-0"]
[WhiteElo "2266"]
[BlackElo "2183"]
[PlyCount "69"]
[EventDate "2000.07.14"]
[EventType "swiss"]
[EventRounds "9"]
[EventCountry "ENG"]
[SourceTitle "CBM 077 Extra"]
[Source "ChessBase"]
[SourceDate "2000.09.14"]
[SourceVersion "1"]
[SourceVersionDate "2000.09.14"]
[SourceQuality "1"]

1. d4 c5 2. d5 e5 3. e4 d6 4. Nc3 Be7 5. Bb5+ Nd7 6. a4 Ngf6 7. Nge2 a6 8. Bc4 b6 9. Ng3 h5 10. Nf5 Bf8 11. g3 g6 12. Nh4 Be7 13. Qe2 Nb8 14. Ng2 Bh3 15. Ne3 Qc8 16. f3 Nbd7 17. Ned1 Nf8 18. Be3 N6h7 19. Nf2 Bd7 20. h4 Kd8 21. Rb1 a5 22. Bb5 f5 23. f4 Bxb5 24. Nxb5 Nd7 25. exf5 Nhf6 26. fxg6 Nxd5 27. Rd1 Nxe3 28. Qxe3 exf4 29. gxf4 Re8 30. 0-0 Qc6 31. Qe4 d5 32. Qxd5 Rc8 33. Qxh5 Rg8 34. Rxd7+ Kxd7 35. Rd1+ 1-0

[Event "Smith & Williamson YM 9th"]
[Site "Witley"]
[Date "1999.07.24"]
[Round "9"]
[White "Bisby, Daniel L"]
[Black "Vigus, James"]
[Result "1-0"]
[WhiteElo "2252"]
[BlackElo "2285"]
[PlyCount "76"]
[EventDate "1999.07.17"]
[EventType "swiss"]
[EventRounds "9"]
[EventCountry "ENG"]
[SourceTitle "CBM 071 Extra"]
[Source "ChessBase"]
[SourceDate "1999.09.14"]
[SourceVersion "1"]
[SourceVersionDate "1999.09.14"]
[SourceQuality "1"]

1. d4 d6 2. e4 Nf6 3. Nc3 g6 4. Be3 Bg7 5. f3 c6 6. g4 b5 7. h4 Nbd7 8. h5 Rg8 9. Nh3 Qc7 10. Qd2 a5 11. Bd3 Bb7 12. Ng5 Nf8 13. hxg6 hxg6 14. 0-0-0 b4 15. Na4 N6d7 16. Bc4 d5 17. Bb3 Nb6 18. Bf4 Qd8 19. exd5 cxd5 20. Nxb6 Qxb6 21. Ba4+ Bc6 22. Bxc6+ Qxc6 23. Kb1 Bf6 24. Nh7 Ne6 25. Nxf6+ exf6 26. Bg3 Kd7 27. Bh4 Nc7 28. Rhe1 Rge8 29. Qf4 g5 30. Qf5+ Re6 31. Bg3 Nb5 32. Qh7 Rf8 33. Rxe6 Qxe6 34. Re1 Qc6 35. Qg7 Qc8 36. Qxf6 Qd8 37. Qa6 Nxd4 38. Qb7+ Qc7 1-0

[Event "Smith & Williamson YM 9th"]
[Site "Witley"]
[Date "1999.07.19"]
[Round "4"]
[White "Vallin, Guillaume"]
[Black "Vigus, James"]
[Result "1/2-1/2"]
[WhiteElo "2378"]
[BlackElo "2285"]
[PlyCount "31"]
[EventDate "1999.07.17"]
[EventType "swiss"]
[EventRounds "9"]
[EventCountry "ENG"]
[SourceTitle "CBM 071 Extra"]
[Source "ChessBase"]
[SourceDate "1999.09.14"]
[SourceVersion "1"]
[SourceVersionDate "1999.09.14"]
[SourceQuality "1"]

1. d4 d5 2. c4 c6 3. Nc3 Nf6 4. e3 a6 5. Nf3 b5 6. cxd5 cxd5 7. Bd3 e6 8. 0-0 Nbd7 9. a4 b4 10. Na2 Bd6 11. Bd2 a5 12. Nc1 0-0 13. Bb5 Ba6 14. Bxa6 Rxa6 15. Nd3 Rc6 16. Qe2 1/2-1/2

[Event "Smith & Williamson YM 9th"]
[Site "Witley"]
[Date "1999.07.18"]
[Round "3"]
[White "Vigus, James"]
[Black "Pert, Nicholas"]
[Result "1-0"]
[WhiteElo "2285"]
[BlackElo "2425"]
[PlyCount "91"]
[EventDate "1999.07.17"]
[EventType "swiss"]
[EventRounds "9"]
[EventCountry "ENG"]
[SourceTitle "CBM 071 Extra"]
[Source "ChessBase"]
[SourceDate "1999.09.14"]
[SourceVersion "1"]
[SourceVersionDate "1999.09.14"]
[SourceQuality "1"]

1. f4 d5 2. Nf3 Bg4 3. e3 Nd7 4. h3 Bxf3 5. Qxf3 Ngf6 6. Nc3 c6 7. g4 e5 8. g5 Ng8 9. d3 Bb4 10. Bd2 Ne7 11. a3 Bd6 12. h4 Qc7 13. Bh3 exf4 14. exf4 0-0-0 15. 0-0-0 Kb8 16. h5 Nc5 17. Qf2 h6 18. Be3 b6 19. Ne2 Rde8 20. Bd4 Rhg8 21. Rhg1 Ne6 22. Be3 d4 23. Bd2 Nd5 24. Bxe6 fxe6 25. gxh6 gxh6 26. Rxg8 Rxg8 27. Qxd4 Rf8 28. Qe4 Bxf4 29. Nxf4 Nxf4 30. Rf1 e5 31. Bc3 Kb7 32. Kb1 Qd7 33. Bxe5 Ne6 34. Rxf8 Nxf8 35. Qf4 Qd5 36. Qxf8 Qh1+ 37. Ka2 Qd5+ 38. b3 Qxe5 39. Qxh6 Qh2 40. Qh7+ Ka6 41. d4 b5 42. Qg6 Kb7 43. h6 a5 44. h7 b4 45. axb4 axb4 46. d5 1-0

[Event "BCF-chT2 9798 (4NCL)"]
[Site "England"]
[Date "1998.05.25"]
[Round "11.3"]
[White "Berry, Stephen"]
[Black "Vigus, James"]
[Result "1/2-1/2"]
[WhiteElo "2290"]
[BlackElo "2260"]
[PlyCount "75"]
[EventDate "1997.11.??"]
[EventType "team-tourn"]
[EventRounds "11"]
[EventCountry "ENG"]
[SourceTitle "EXT 1999"]
[Source "ChessBase"]
[SourceDate "1998.11.16"]
[SourceVersion "1"]
[SourceVersionDate "1998.11.16"]
[SourceQuality "1"]
[WhiteTeam "Kings Head"]
[BlackTeam "Invicta Knights Maidstone II"]
[WhiteTeamCountry "ENG"]
[BlackTeamCountry "ENG"]

1. e4 d6 2. d4 Nf6 3. Nc3 g6 4. Be3 Bg7 5. Qd2 c6 6. Nf3 Bg4 7. Be2 0-0 8. h3 Bxf3 9. Bxf3 Nbd7 10. 0-0 Qc7 11. a4 Rad8 12. g3 e5 13. Bg2 Rfe8 14. Rae1 a6 15. f4 Nh5 16. Kh2 exd4 17. Bxd4 Bxd4 18. Qxd4 Qb6 19. Qxb6 Nxb6 20. b3 a5 21. Rd1 Nf6 22. Rf2 Re7 23. Rfd2 Ne8 24. Bf3 h6 25. Kg2 Kg7 26. Kf2 Rb8 27. h4 Nd7 28. h5 Nc5 29. hxg6 fxg6 30. Re1 Kf6 31. Bg4 Kg7 32. Bh3 Nf6 33. Rde2 Rbe8 34. Kf3 Kg8 35. Re3 Kg7 36. Bf1 Kg8 37. Bh3 Kg7 38. Bf1 1/2-1/2

[Event "BCF-chT2 9798 (4NCL)"]
[Site "England"]
[Date "1998.05.24"]
[Round "10.1"]
[White "Vigus, James"]
[Black "Punnett, Alan Kenneth"]
[Result "1/2-1/2"]
[WhiteElo "2260"]
[BlackElo "2100"]
[PlyCount "96"]
[EventDate "1997.11.??"]
[EventType "team-tourn"]
[EventRounds "11"]
[EventCountry "ENG"]
[SourceTitle "EXT 1999"]
[Source "ChessBase"]
[SourceDate "1998.11.16"]
[SourceVersion "1"]
[SourceVersionDate "1998.11.16"]
[SourceQuality "1"]
[WhiteTeam "Invicta Knights Maidstone II"]
[BlackTeam "Guildford II"]
[WhiteTeamCountry "ENG"]
[BlackTeamCountry "ENG"]

1. d4 e6 2. g3 Nf6 3. Bg2 d5 4. Nf3 c5 5. 0-0 Nc6 6. c4 dxc4 7. Qa4 Qa5 8. Qxc4 Be7 9. Nc3 0-0 10. dxc5 Qxc5 11. Qxc5 Bxc5 12. Bg5 Be7 13. Bf4 Rd8 14. Rfd1 Rxd1+ 15. Rxd1 Ne8 16. e4 h6 17. h4 Kf8 18. a3 b6 19. e5 Rb8 20. Ne1 Na5 21. b4 Nc4 22. Rd4 b5 23. Nxb5 Rxb5 24. Rxc4 Ba6 25. Rc1 g5 26. hxg5 hxg5 27. Be3 Rxe5 28. Bxa7 g4 29. Nc2 Bg5 30. Be3 Nf6 31. Bxg5 Rxg5 32. Ne3 Bb5 33. Rc7 Nd7 34. Ra7 Ne5 35. a4 Be2 36. b5 Nf3+ 37. Bxf3 Bxf3 38. b6 Rh5 39. Ng2 Rd5 40. Rc7 Rd1+ 41. Kh2 Kg7 42. a5 Rb1 43. Rc2 Ra1 44. Rb2 Bb7 45. Rb4 f5 46. Rc4 Kf6 47. Rc7 Bxg2 48. Kxg2 Rxa5 1/2-1/2

[Event "Hampstead IM"]
[Site "Hampstead"]
[Date "1998.03.29"]
[Round "7"]
[White "Rechel, Bernd"]
[Black "Vigus, James"]
[Result "1/2-1/2"]
[WhiteElo "2395"]
[BlackElo "2260"]
[PlyCount "63"]
[EventDate "1998.03.25"]
[EventType "tourn"]
[EventRounds "9"]
[EventCountry "ENG"]
[EventCategory "4"]
[SourceTitle "CBM 063 Extra"]
[Source "ChessBase"]
[SourceDate "1998.04.29"]
[SourceVersion "1"]
[SourceVersionDate "1998.04.29"]
[SourceQuality "1"]

1. e4 d6 2. d4 Nf6 3. Nc3 g6 4. Nf3 Bg7 5. Be3 c6 6. Qd2 Bg4 7. Ng1 Bc8 8. f3 Qa5 9. Bc4 Nbd7 10. a3 b5 11. b4 Qc7 12. Bb3 a5 13. Rd1 0-0 14. Nge2 Nb6 15. 0-0 Bd7 16. Bh6 c5 17. Bxg7 Kxg7 18. e5 Ne8 19. dxc5 dxc5 20. bxc5 Qxc5+ 21. Qd4 Qxd4+ 22. Nxd4 Nc7 23. Ne4 Rfc8 24. Nc5 Be8 25. e6 f6 26. Rfe1 Ra7 27. Nd7 Ra6 28. Nc6 Nbd5 29. Nd4 Nb6 30. Nc5 Ra7 31. Nd7 Ra6 32. Nc5 1/2-1/2

[Event "Hampstead IM"]
[Site "Hampstead"]
[Date "1998.03.28"]
[Round "5"]
[White "Cobb, James"]
[Black "Vigus, James"]
[Result "1/2-1/2"]
[WhiteElo "2330"]
[BlackElo "2260"]
[PlyCount "61"]
[EventDate "1998.03.25"]
[EventType "tourn"]
[EventRounds "9"]
[EventCountry "ENG"]
[EventCategory "4"]
[SourceTitle "CBM 063 Extra"]
[Source "ChessBase"]
[SourceDate "1998.04.29"]
[SourceVersion "1"]
[SourceVersionDate "1998.04.29"]
[SourceQuality "1"]

1. d4 d5 2. c4 c6 3. Nf3 Nf6 4. Nc3 a6 5. a4 e6 6. Bg5 a5 7. e3 Nbd7 8. Bd3 h6 9. Bh4 Be7 10. 0-0 0-0 11. Qc2 b6 12. cxd5 Nxd5 13. Nxd5 cxd5 14. Bxe7 Qxe7 15. Qc7 Qd8 16. Rac1 Ba6 17. Bxa6 Rxa6 18. Qb7 Ra8 19. Rc7 Rb8 20. Qc6 Rc8 21. Rc1 Rxc7 22. Qxc7 Qxc7 23. Rxc7 Rd8 24. Kf1 f6 25. Ne1 Kf8 26. Nd3 Ke7 27. Rc6 g5 28. Ke2 Rb8 29. b3 Nf8 30. Rc7+ Nd7 31. Rc6 1/2-1/2

[Event "Smith & Williamson YM 8th"]
[Site "Witley"]
[Date "1998.??.??"]
[Round "1"]
[White "Bekker Jensen, David"]
[Black "Vigus, James"]
[Result "0-1"]
[WhiteElo "2200"]
[BlackElo "2260"]
[PlyCount "74"]
[EventDate "1998.07.??"]
[EventType "swiss"]
[EventRounds "9"]
[EventCountry "ENG"]
[SourceTitle "EXT 1999"]
[Source "ChessBase"]
[SourceDate "1998.11.16"]
[SourceVersion "1"]
[SourceVersionDate "1998.11.16"]
[SourceQuality "1"]

1. d4 d6 2. Nf3 f5 3. g3 Nf6 4. Bg2 g6 5. 0-0 Bg7 6. b3 0-0 7. Bb2 Ne4 8. Nbd2 c5 9. c3 d5 10. Ne5 Qd6 11. f3 Nxc3 12. Bxc3 cxd4 13. Bxd4 Bxe5 14. Bxe5 Qxe5 15. f4 Qd6 16. Nf3 Nc6 17. e3 Rd8 18. Rc1 Bd7 19. Nd4 e6 20. Nxc6 bxc6 21. Qd4 Re8 22. Rc5 e5 23. fxe5 Rxe5 24. Rfc1 Qe7 25. Kf2 Re8 26. R5c3 a5 27. Bf3 g5 28. Re1 Qb4 29. Rd1 R8e7 30. Rdd3 Qd6 31. Rd2 Qh6 32. Kg1 g4 33. Bg2 Rxe3 34. Bxd5+ cxd5 35. Qxd5+ Kf8 36. Qd4 Re1+ 37. Kg2 Bc6+ 0-1

[Event "Clichy Masters"]
[Site "Clichy"]
[Date "1998.??.??"]
[Round "8"]
[White "Bergez, Luc"]
[Black "Vigus, James"]
[Result "1-0"]
[WhiteElo "2380"]
[BlackElo "2260"]
[PlyCount "63"]
[EventDate "1998.07.??"]
[EventType "tourn"]
[EventRounds "9"]
[EventCountry "FRA"]
[EventCategory "2"]
[SourceTitle "EXT 1999"]
[Source "ChessBase"]
[SourceDate "1998.11.16"]
[SourceVersion "1"]
[SourceVersionDate "1998.11.16"]
[SourceQuality "1"]

1. e4 d6 2. d4 Nf6 3. Nc3 g6 4. f4 Bg7 5. Nf3 c5 6. dxc5 Qa5 7. Bd3 Qxc5 8. Qe2 Bg4 9. Be3 Qa5 10. 0-0 0-0 11. Kh1 Nc6 12. Bd2 Qd8 13. Qe1 Bxf3 14. Rxf3 e6 15. Rd1 Qe7 16. Be3 d5 17. exd5 exd5 18. Qg1 Rfd8 19. Bb5 Qb4 20. Bc5 Qa5 21. Bxc6 bxc6 22. f5 Ne4 23. Be7 Re8 24. f6 Ng5 25. Re3 Ne6 26. Qe1 d4 27. Rxe6 dxc3 28. fxg7 fxe6 29. Qxe6+ Kxg7 30. Rd7 Rxe7 31. Qxe7+ Kh6 32. g4 1-0